Länder am Indischen Ozean - Statistiken

Allgemein
  • Dieses Quiz wurde 47 mal gespielt
  • Das Durchschnittsergebnis liegt bei 31 aus 37
Antwortstatistiken
Hinweis Land % Korrekt
Staat Jemen
97%
Staat Oman
97%
Lakshadweep, Andamanen und Nikobaren Indien
95%
Staat Saudi-Arabien
95%
Rotes Meer Ägypten
92%
Inselstaat Indonesien
92%
Staat Katar
92%
Inselstaat Madagaskar
92%
Staat Somalia
92%
Inselstaat Sri Lanka
92%
Staat Bangladesch
90%
Staat Pakistan
90%
Inselstaat Seychellen
90%
Ko Phuket Thailand
90%
Staat Bahrain
87%
Staat Irak
87%
Staat Iran
87%
Inselstaat Komoren
87%
Staat Kuwait
87%
Staat Myanmar
87%
Staat Vereinigte Arabische Emirate
87%
Staat Kenia
85%
Inselstaat Malediven
85%
Staat Tansania
85%
Staat Dschibuti
82%
Rotes Meer Eritrea
82%
Staat Malaysia
82%
Inselstaat Mauritius
82%
Staat Mosambik
82%
Prinz-Edward-Inseln Südafrika
79%
Z.B. Weihnachtsinsel, Kokosinsel Australien
77%
Golf von Akaba/Rotes Meer Jordanien
77%
Rotes Meer Sudan
74%
Golf von Akaba/Rotes Meer Israel
72%
Staat Osttimor
62%
Chagos-Archipel Vereinigtes Königreich
49%
Kerguelen, Maskarenen Frankreich
46%
Keine übereinstimmenden Quizze gefunden
Verteilung der Resultate
Anzahl Personen mit jedem Resultat
Perzentil nach korrekt beantworteten Fragen
Ihre Resultats-Entwicklung
Sie haben dieses Quiz noch nicht gespielt